00521nam a2200205Ia 4500003000400000005001700004008004100021020001800062040000700080041000800087082002100095100002500116245006700141250000600208260003800214300001700252365001300269650001400282650001900296OSt20230325095720.0210423s2004 xx 000 0 und d a9780070589384 cAL aeng a338.5 223bSALD aSALVATORE (Dominick) aSchaums outline of theory and problems of microeconomic theory a3 aNew DelhibTata McGraw-hillc2004 aviii,364bPB b275cINR aEconomics aMicroeconomics